000 00147nam a22000857a 4500
082 _a823
100 _aUNKNOWN
245 _aMULLAN STORIES
942 _cBK
999 _c8187
_d8187